Una década de movimientos sociales en Bolivia /
Se pretende rastrear la resistencia Boliviana al orden neoliberal, la cual tiene por base al sujeto indígena. Se menciona la respuesta que se ha generado en todo a distintas políticas impuestas; dicha respuesta hace referencia a la auto-organización del movimiento originario camoesino, que pugna por...
Guardado en:
| Hovedforfatter: | |
|---|---|
| Andre forfattere: | , |
| Format: | Texto |
| Fag: | |
| Tags: |
Tilføj Tag
Ingen Tags, Vær først til at tagge denne postø!
|
MARC
| LEADER | 00000 a a2200000 04500 | ||
|---|---|---|---|
| 001 | 41439 | ||
| 003 | |||
| 040 | |||
| 100 | |a Chávez León, Patricia | ||
| 245 | |a Una década de movimientos sociales en Bolivia / |c Patricia Chávez León ; Dunia Mokrani Chávez ; Pilar Uriona Crespo | ||
| 520 | |a Se pretende rastrear la resistencia Boliviana al orden neoliberal, la cual tiene por base al sujeto indígena. Se menciona la respuesta que se ha generado en todo a distintas políticas impuestas; dicha respuesta hace referencia a la auto-organización del movimiento originario camoesino, que pugna por ser reconocido en la Constitución en su calidad de indígenas, y de ser representado por el gobierno nacional. | ||
| 590 | |a KSR/AGOSTO2012 | ||
| 650 | |a 1. MOVIMIENTOS SOCIALES | ||
| 650 | |a 2. COLONIALISMO | ||
| 650 | |a 3. NEOLIBERALISMO | ||
| 650 | |a 4. POBLACION INDIGENA | ||
| 650 | |a 5. BOLIVIA | ||
| 700 | |a Mokrani Chávez, Dunia | ||
| 700 | |a Uriona Crespo, Pilar | ||
| 773 | |g volumen11, número28 ( , 2010), páginas 71-93 | ||
| 999 | |c 33885 |d 33885 | ||
